000 00512nam a22001817a 4500
005 20251108163342.0
008 250721s1993 xx 000 0 ara d
082 1 4 _a320/دال
100 1 _aدال، روبرت أ
245 1 0 _aالتحليل السياسي الحديث /
250 _aط5
264 1 _aالقاهرة :
_bمركز الأهرام،
_c1993.
300 _a204ص
650 1 7 _aالعلوم السياسية
700 1 _aأبو زيد، علا
_eترجمة
942 _2ddc
_cBK
999 _c513
_d513